Séries de RBFR avec l'univers de Sonic - Statistiques

Statistiques générales
  • Ce quiz a été pris 34 fois
  • Le résultat moyen est 5 sur 8
Answers on the Grid
Answers color-coded by a green-red scale on the quiz's grid according to % correct below.
Epic Tishort Battle
Joute Musical Fictive
Genre Vidéoludique
The Writing Contest
Pixel Rap Battle
Cross-Over Battle
Universal Clash Vidéoludique
Bataille de Rap Plutôt Intéressante
Shiny Virtuel Battle
Rap Battle of Gaaa
Plasfa All Clash
Master Fiction Clash
Epic Punchline Fighters
Epic Rap Fight
Power Meme Battle
Z'Encore
Virtual Rap Battle
Les Chansons où on dit des Trucs pas Gentils
Le Spectacle de Zen
Rap Battle of Gollde
 
Statistiques - réponses
Réponse % Correct
Pixel Rap Battle
81%
Genre Vidéoludique
75%
Power Meme Battle
69%
Rap Battle of Gaaa
69%
Le Spectacle de Zen
63%
Universal Clash Vidéoludique
63%
Les Chansons où on dit des Trucs pas Gentils
56%
Virtual Rap Battle
56%
Aucun quiz correspondant
Distribution des résultats
% des personnes avec chaque résultat
Percentile par nombre de réponses
Votre historique - résultats
Vous n’avez pas pris ce quiz